[Event "35th European Club Cup 2019"]
[Site "Ulcinj"]
[Date "2019.11.11"]
[Round "2.25"]
[White "Harikrishna, Pentala"]
[Black "Pijpers, Arthur"]
[Result "1-0"]
[WhiteElo "2731"]
[BlackElo "2473"]
[Annotator "TA"]
[PlyCount "105"]
[EventDate "2019.11.10"]
[EventType "team-tourn"]
[EventCountry "MNE"]
[SourceTitle "playchess.com"]
[Source "ChessBase"]
[SourceQuality "1"]
[WhiteTeam "Novy Bor"]
[BlackTeam "LSG IntelliMagic"]

{[%evp 16,105,0,0,0,0,0,0,0,0,0,-37,-18,-41,-38,-43,0,-43,-41,-59,-46,-68,-43,-88,-89,-103,-47,-49,-3,-10,-8,-12,4,0,0,0,7,0,0,0,15,0,7,15,82,61,122,135,119,93,86,86,85,56,85,89,147,68,106,110,156,112,180,167,179,179,205,202,186,186,248,244,233,177,191,191,191,191,177,184,431,431,431,424,424,424,424,424,424,414,375,368]} 1. e4 e6 2. d4 d5 3. Nd2 c5 4. Ngf3 Nf6 5. exd5 exd5 6. Be2 Nc6 7. O-O Be7 8. dxc5 Bxc5 9. Nb3 Bb6 {C08: French Tarrasch: 3...c5 4 exd5 exd5 sidelines} 10. Bg5 O-O 11. c3 Re8 {The position is equal.} 12. Nfd4 (12. Bh4 Bg4 13. Nfd4 Bxe2 14. Nxe2 Re4 15. Bg3 Nh5 16. Nd2 Nxg3 17. Nxg3 Re6 18. Nf3 d4 {0-1 (37) Chen,Q (2362)-Sadorra,J (2575) Chengdu 2017}) 12... Qd6 13. Bh4 Ne4 14. Bf3 Ne5 $146 ({Predecessor:} 14... Bc7 15. Bg3 Nxg3 16. hxg3 a6 17. Qd2 Ne5 18. Rad1 Nxf3+ 19. Nxf3 {½-½ (56) Zaragatski,I (2389)-Tereick,B (2181) Dresden 2005}) 15. Re1 Nxf3+ 16. Qxf3 Qg6 17. Qf4 Bd7 18. Bg3 a5 19. a4 h6 20. Nf3 Nxg3 (20... Qh7 $17 21. Qc1 f5) 21. hxg3 $15 Qf5 (21... Qc2 {feels hotter.} 22. Nbd4 Qxb2 23. Ne5 Re7 24. Nxd7 Rxd7 25. Nf5 Qxc3 26. Nxh6+ Kf8) 22. Qxf5 Bxf5 23. Nbd4 Be4 24. Rad1 Rad8 25. Rd2 f6 26. Red1 Kf7 27. Nb5 Re7 28. Nfd4 g5 29. b4 Red7 (29... Ra8 $11) 30. Nb3 $16 Rc8 ({Better is} 30... Ra8 $1 $14) 31. bxa5 Bc5 32. Nxc5 (32. g4 {is interesting.} Kf8 33. Nxc5 Rxc5 34. Re1 Re7 35. Rde2) 32... Rxc5 33. f3 Bg6 34. Rb2 Rd8 35. Rd4 Bf5 (35... h5 $142) 36. Rbb4 ({White should try} 36. g4 $16 Bc8 37. Kf2) 36... Rd7 37. g4 $36 {[%mdl 2048] Keeping Black busy.} Be6 38. Kf2 Rc6 (38... f5 $16 {is a better defense.}) 39. Rd1 $18 Ra6 40. Rh1 Kg6 41. Nd4 Rc7 42. Rb5 Rxc3 (42... Bd7 $142) 43. Re1 $1 (43. Rxb7 $6 Rc4 $16) 43... Bc8 44. Rxd5 {Black must now prevent Re7.} Rc7 45. Rd8 Rxa5 {[#]} 46. Nb5 $1 {[%cal Rb5c7]} Rc2+ {[#]} 47. Kg3 $1 {And now Re7 would win.} h5 $2 (47... Rxa4 {was necessary.} 48. Re7 Be6) 48. gxh5+ Kxh5 49. Nd6 {White wants to mate with Rh1+.} Rxa4 {Now ...Be6 and Black clings on.} 50. Rxc8 ({But not} 50. Nxc8 Raa2 $18) 50... Rxc8 51. Nxc8 g4 52. Nd6 gxf3 53. gxf3 {Accuracy: White = 57%, Black = 46%.} 1-0

[Event "35th European Club Cup 2019"]
[Site "Ulcinj"]
[Date "2019.11.11"]
[Round "2.27"]
[White "Sasikiran, Krishnan"]
[Black "Van Haastert, Edwin"]
[Result "1-0"]
[WhiteElo "2660"]
[BlackElo "2439"]
[Annotator "TA"]
[PlyCount "33"]
[EventDate "2019.11.10"]
[EventType "team-tourn"]
[EventCountry "MNE"]
[SourceTitle "playchess.com"]
[Source "ChessBase"]
[SourceQuality "1"]
[WhiteTeam "Novy Bor"]

{[%evp 20,57,0,0,0,0,26,0,0,0,0,0,0,-16,-19,-21,0,0,0,0,0,0,719,150,144,0,0,0,0,-137,373,354,357,359,361,358,604,383,677,431]} 1. e4 e6 2. d4 d5 3. Nc3 Nf6 4. e5 Nfd7 5. f4 c5 6. Nf3 Nc6 7. Be3 cxd4 8. Nxd4 Qb6 9. Qd2 Qxb2 10. Rb1 Qa3 11. Bb5 {Black must now prevent Rb3.} Nxd4 {C11: French: Classical System: 4 e5 and 4 Bg5 dxe4} 12. Bxd4 a6 13. Rb3 (13. Bxd7+ $5 Bxd7 14. Rb3 $14 (14. Rxb7 Bb4 $11)) (13. Bxd7+ Bxd7 14. Rb3 Qe7 15. Rxb7 Rc8 16. Qe3 Qd8 17. O-O Rc4 18. Rfb1 Be7 19. f5 {½-½ (31) Aronian,L (2763)-Vallejo Pons,F (2693) Karlsruhe/Baden Baden 2019}) 13... Qe7 {The position is equal.} 14. Ba4 Qd8 {Hoping for ...b5.} 15. Bb6 Qh4+ $1 16. g3 Qh3 {[#]} 17. Rf1 {Played: Nc3-e4} 1-0

[Event "35th European Club Cup 2019"]
[Site "Ulcinj"]
[Date "2019.11.11"]
[Round "2.28"]
[White "De Jong, Jan-Willem"]
[Black "Bartel, Mateusz"]
[Result "0-1"]
[WhiteElo "2446"]
[BlackElo "2636"]
[Annotator "TA"]
[PlyCount "22"]
[EventDate "2019.11.10"]
[EventType "team-tourn"]
[EventCountry "MNE"]
[SourceTitle "playchess.com"]
[Source "ChessBase"]
[SourceQuality "1"]
[BlackTeam "Novy Bor"]

{[%evp 11,69,22,30,9,13,2,7,0,0,10,3,-59,-60,-120,-120,-113,-107,-124,-102,-125,-116,-135,-118,-116,-104,-159,-159,-163,-158,-167,-166,-264,-262,-353,-355,-356,-348,-321,-266,-242,-64,-83,-90,-75,-74,-77,-60,-55,0,-89,0,-13,0,-91,0,-61,-63,-29995,-29996,-29999]} 1. e4 c6 2. d4 d5 3. exd5 cxd5 4. Bd3 Nc6 5. c3 Qc7 6. h3 g6 7. Nf3 {B13: Caro-Kann: Exchange Variation and Panov-Botvinnik Attack} Bf5 (7... Nf6 8. O-O Bf5 9. Re1 Bxd3 10. Qxd3 Bg7 11. Bg5 O-O 12. Nbd2 e6 13. Bxf6 Bxf6 14. Nb3 Bg7 15. Re2 Rab8 16. a3 b6 17. Rae1 Na5 18. Nc1 Nc4 19. Qc2 Qf4 20. Nd3 Qf5 21. Qd1 Rfc8 {½-½ (21) Anand,V (2764)-Nepomniachtchi,I (2775) Paris 2019}) 8. Be2 Bg7 9. O-O {The position is equal.} Nf6 10. Re1 O-O 11. Nbd2 {[#]} (11. Na3 $11) 11... Rad8 {Played: Nc6-b4} 0-1

[Event "35th European Club Cup 2019"]
[Site "Ulcinj"]
[Date "2019.11.11"]
[Round "2.29"]
[White "Babula, Vlastimil"]
[Black "Van Wissen, Michiel"]
[Result "1-0"]
[WhiteElo "2572"]
[BlackElo "2289"]
[Annotator "TA"]
[PlyCount "83"]
[EventDate "2019.11.10"]
[EventType "team-tourn"]
[EventCountry "MNE"]
[SourceTitle "playchess.com"]
[Source "ChessBase"]
[SourceQuality "1"]
[WhiteTeam "Novy Bor"]

{[%evp 9,83,27,43,41,45,48,57,49,53,53,41,49,49,46,31,52,54,66,66,26,89,67,95,74,71,77,81,35,32,37,81,77,71,75,155,169,203,206,267,227,355,350,363,331,499,495,477,450,574,551,556,557,547,544,527,504,744,729,800,710,933,620,583,478,660,607,593,591,1280,1236,5705,5705,29977,29978,2337,2238]} 1. d4 Nf6 2. c4 c5 3. d5 b5 4. cxb5 a6 5. bxa6 g6 6. Nc3 {A58: Benko/Volga Gambit: Lines with 5 bxa6} Bg7 7. e4 {e5 is the strong threat.} O-O 8. a7 {White is slightly better.} (8. e5 Ne8 9. h4 Bxe5 10. Bh6 Bxa6 11. h5 Ng7 12. Nf3 Bxc3+ 13. bxc3 Bxf1 14. Kxf1 {1-0 (22) So,W (2780)-Duda,J (2737) chess.com INT 2018}) 8... Rxa7 9. Nf3 e6 10. Be2 exd5 11. exd5 d6 $146 ({Predecessor:} 11... Re8 12. O-O {½-½ (47) Romero,J (2150)-Casas,E (2325) ICCF email 2008}) 12. O-O Re8 13. Bb5 Bd7 14. Bg5 h6 (14... Na6 $11 {remains equal.}) 15. Bxf6 $16 Bxf6 16. a4 Qa5 17. Bxd7 Rxd7 18. Ra3 Na6 $1 19. Nd2 Nb4 20. Nc4 Qa6 21. Nb5 $36 {[%mdl 2048] White is in control.} Bg7 (21... Bd4 $142) 22. Re3 Rxe3 23. fxe3 Qb7 24. e4 ({Don't do} 24. Nbxd6 $6 Qxd5 25. Qxd5 Nxd5 $16) 24... Be5 (24... Qb8 $142 25. Qg4 Qd8) 25. Qd2 Kh7 26. h3 Qb8 (26... Qa8 $142 27. Nb6 {[%mdl 64] Double Attack} Qe8 28. Nxd7 Qxd7) 27. Nxe5 $18 dxe5 28. Qc3 Na6 29. Rf6 Nb4 30. Qxc5 Nd3 31. Qc3 Nf4 {[#] aiming for ...Ne2+.} 32. Kh2 Qd8 33. Qxe5 Nd3 34. Qd4 Nc5 35. Rf3 Ne6 36. Qf6 Qb8+ 37. Kh1 Ng5 38. Rf4 Rb7 39. h4 Rb6 40. d6 Ne6 41. Qxf7+ Ng7 42. Rf6 {Accuracy: White = 77%, Black = 39%.} 1-0

[Event "35th European Club Cup 2019"]
[Site "Ulcinj"]
[Date "2019.11.11"]
[Round "2.30"]
[White "Van Ketel, Raoul"]
[Black "Kriebel, Tadeas"]
[Result "0-1"]
[WhiteElo "2212"]
[BlackElo "2516"]
[Annotator "TA"]
[PlyCount "72"]
[EventDate "2019.11.10"]
[EventType "team-tourn"]
[EventCountry "MNE"]
[SourceTitle "playchess.com"]
[Source "ChessBase"]
[SourceQuality "1"]
[BlackTeam "Novy Bor"]

{[%evp 16,71,70,62,63,67,87,76,81,106,130,100,100,111,113,89,90,98,147,137,159,120,105,80,97,95,123,59,71,64,65,75,83,13,36,29,137,86,89,97,220,0,0,0,0,0,0,-487,-501,-468,-142,-158,-142,-131,-144,-29997,-29998,-29999]} 1. d4 Nf6 2. c4 c5 3. d5 b5 4. Qc2 d6 5. e4 g6 6. cxb5 a6 7. Nc3 Bg7 8. Nf3 O-O 9. Be2 axb5 {A57: Benko/Volga Gambit} 10. Bxb5 Ba6 11. O-O (11. a4 Bxb5 12. Nxb5 Ne8 13. O-O Nc7 14. Na3 f5 15. Nc4 Nd7 16. Bd2 h6 {1-0 (16) Al Sayed,M (2498)-Akbaev,K (2475) Khanty-Mansiysk 2013}) 11... Nfd7 {White is better.} 12. a4 {[%cal Ba2a4,Ba4b5][%mdl 32]} Nb6 $146 ({Predecessor:} 12... Bxb5 13. Nxb5 {½-½ (60) Ruetten,I (2037)-Strater,H (1841) Duisburg 2005}) 13. Bf4 Bxb5 14. axb5 N8d7 15. Ra6 Rb8 16. Qe2 Qc7 17. Rfa1 Rb7 18. g4 c4 19. R6a3 Nc5 20. Be3 e6 21. Bd4 (21. Nd4 $16) 21... exd5 $14 22. Bxg7 ({Of course not} 22. Nxd5 Nxd5 23. Bxg7 (23. exd5 Qd7 $11) 23... Nf4 $11) 22... Kxg7 23. exd5 Qd7 24. Nd4 (24. Nd2 $16) 24... Re8 $1 $11 {[%cal Re8e2]} 25. Qf3 Nd3 (25... Qe7 $1 $11) 26. h3 (26. g5 $142) 26... Qe7 $16 27. Nc6 Qg5 (27... Qh4 $16 {was called for.}) 28. Ra7 $2 ({White has to play} 28. Ne4 $18 Rxe4 29. Qxe4) 28... Ne1 $1 $11 {[%cal Re1f3]} 29. Qd1 Rxa7 30. Rxa7 (30. Nxa7 $2 {too greedy.} Kg8 $19) 30... Qf6 {aiming for ...Nd3!} 31. Rb7 $2 {[%mdl 8192] [#]} (31. Re7 $11 {and White stays safe.} Rxe7 32. Nxe7 Qxe7 33. Qd4+ {[%mdl 64] Double Attack} Qf6 34. Qxb6) 31... Nd3 $1 $19 32. Qd2 {With the idea Kh2.} Qf3 $2 (32... h5 $19 {is more deadly.} 33. Re7 (33. Rxb6 $2 Re1+ 34. Qxe1 Nxe1 $19) 33... Rxe7 34. Nxe7 Qxe7 35. gxh5 gxh5) 33. Nd4 $17 Qxh3 $40 {[%mdl 128] White is in trouble.} 34. Ne6+ {[#]} Kg8 $1 35. Qg5 $2 {[%mdl 8192]} (35. Qe3 $17 Qxg4+ {[%mdl 64] Double Attack, Pin} 36. Qg3 Qxg3+ 37. fxg3) 35... Ne1 {[%csl Ge1][%cal Rh3g2]} 36. Nf4 Nf3# {Accuracy: White = 33%, Black = 55%.} 0-1

[Event "35th European Club Cup 2019"]
[Site "Ulcinj"]
[Date "2019.11.11"]
[Round "2.31"]
[White "Sjugirov, Sanan"]
[Black "Leenhouts, Koen"]
[Result "1-0"]
[WhiteElo "2657"]
[BlackElo "2424"]
[Annotator "TA"]
[PlyCount "55"]
[EventDate "2019.11.10"]
[EventType "team-tourn"]
[EventCountry "MNE"]
[SourceTitle "playchess.com"]
[Source "ChessBase"]
[SourceQuality "1"]
[WhiteTeam "Law & Order"]
[BlackTeam "HWP Sas van Gent"]

{[%evp 19,55,15,43,-21,-22,-36,-43,-47,-57,-45,-32,-11,-10,-9,0,0,32,25,45,24,31,29,11,28,48,54,300,296,293,284,290,268,29981,2058,29982,29983,29989,29990]} 1. d4 Nf6 2. c4 g6 3. Nc3 d5 4. cxd5 Nxd5 5. e4 Nxc3 6. bxc3 Bg7 7. Bc4 c5 8. Ne2 Nc6 9. Be3 O-O 10. O-O Bg4 11. d5 {D87: Exchange Grünfeld: Classical Line: Variations without ...cxd4} ({White should try} 11. f3 $14 Bd7 12. Rb1) (11. f3 Bd7 12. Rb1 Qc7 13. h4 cxd4 14. cxd4 Nxd4 15. Bxf7+ Rxf7 16. Nxd4 Rd8 17. Qb3 Qg3 18. Ne2 Qxh4 19. Bf2 Qf6 20. Rfd1 b6 {½-½ (119) Karjakin,S (2773)-Vachier Lagrave,M (2779) Saint Louis 2018}) 11... Na5 $11 12. Bb5 a6 13. Bd3 {Black is slightly better.} c4 $1 {aiming for ...Bxc3.} 14. Bc2 Bxe2 15. Qxe2 Bxc3 16. Rad1 b5 17. f4 b4 $146 ({Predecessor:} 17... Bg7 18. e5 f6 {1-0 (38) Sjoberg,M (2360)-Antic,D (2390) Kecskemet 1991}) 18. e5 Qd7 19. h4 b3 20. axb3 cxb3 21. Bd3 b2 ({Much worse is} 21... Qxd5 $6 22. Bxg6 $1 {[%mdl 512]} Qc6 23. Bf5 $16) 22. h5 $1 Nb3 $2 {[#]} ({Black should play} 22... Rab8 $14) 23. hxg6 $1 $18 hxg6 {[#]} (23... fxg6 {[#]} 24. Bxg6 $1 {[%mdl 512]} hxg6 25. Qc2 $18) 24. Bxg6 $1 {[%mdl 512]} fxg6 {[#]} 25. Qc2 $1 {[%mdl 576] Double Attack} Nc1 $2 (25... e6 $18) 26. Qxg6+ Kh8 27. Kf2 Rxf4+ 28. Bxf4 {Accuracy: White = 77%, Black = 48%.} 1-0

[Event "35th European Club Cup 2019"]
[Site "Ulcinj"]
[Date "2019.11.11"]
[Round "2.32"]
[White "Cardon, Helmut"]
[Black "Alekseev, Evgeny"]
[Result "0-1"]
[WhiteElo "2398"]
[BlackElo "2623"]
[Annotator "RC"]
[PlyCount "88"]
[EventDate "2019.11.10"]
[EventType "team-tourn"]
[EventCountry "MNE"]
[SourceTitle "playchess.com"]
[Source "ChessBase"]
[SourceQuality "1"]
[WhiteTeam "HWP Sas van Gent"]
[BlackTeam "Law & Order"]
[TimeControl "40/5400+30:1800+30"]

1. d4 {[%emt 0:00:00]} Nf6 {[%emt 0:00:00]} 2. c4 {[%emt 0:00:00]} e6 {[%emt 0:00:00]} 3. Nc3 {[%emt 0:00:00]} d5 {[%emt 0:00:26]} 4. cxd5 {[%emt 0:00:18]} exd5 {[%emt 0:00:23]} 5. Bg5 {[%emt 0:00:08]} c6 {[%emt 0:00:34]} 6. e3 {[%emt 0:00:07]} Bd6 {[%emt 0:00:34]} 7. Bd3 {[%emt 0:03:34]} Nbd7 {[%emt 0:03:16]} 8. Nge2 {[%emt 0:02:03]} Nf8 {[%emt 0:17:22]} 9. Bf4 {[%emt 0:04:22]} Ng6 {[%emt 0:03:31]} 10. Bg3 {[%emt 0:05:15]} O-O {[%emt 0:02:30]} 11. Qc2 {[%emt 0:11:47]} Re8 {[%emt 0:04:21]} 12. O-O {[%emt 0:00:19]} Qe7 {[%emt 0:17:57]} 13. Rab1 {[%emt 0:04:09]} Bd7 {[%emt 0:01:19]} 14. Bxd6 {[%emt 0:07:56]} Qxd6 {[%emt 0:00:56]} 15. Ng3 {[%emt 0:00:09]} Ng4 {[%emt 0:07:36]} 16. Bf5 {[%emt 0:01:41]} Rad8 {[%emt 0:01:36]} 17. Nce2 {[%emt 0:09:06]} Bxf5 {[%emt 0:11:29]} 18. Qxf5 {[%emt 0:00:08]} Nf6 {[%emt 0:00:08]} 19. b4 {[%emt 0:03:38]} Ne7 {[%emt 0:00:59]} 20. Qf4 {[%emt 0:05:05]} Qd7 {[%emt 0:01:56]} 21. Nc3 {[%emt 0:02:44]} b5 {[%emt 0:04:28]} 22. a4 {[%emt 0:01:49]} a6 {[%emt 0:00:04]} 23. Rb3 {[%emt 0:07:20]} Ng6 {[%emt 0:10:07]} 24. Qf5 {[%emt 0:01:13]} Qd6 {[%emt 0:01:33]} 25. Ra1 {[%emt 0:01:39]} Ne7 {[%emt 0:00:15]} 26. Qb1 {[%emt 0:01:13]} h5 {[%emt 0:01:23]} 27. axb5 {[%emt 0:03:19]} axb5 {[%emt 0:00:01]} 28. Ra6 {[%emt 0:00:26]} h4 {[%emt 0:00:41]} 29. Nf5 {[%emt 0:04:36]} Nxf5 {[%emt 0:00:04]} 30. Qxf5 {[%emt 0:00:04]} g6 {[%emt 0:01:29]} 31. Qg5 {[%emt 0:09:06]} Ra8 {[%emt 0:00:11]} 32. Rxa8 {[%emt 0:01:25]} Rxa8 {[%emt 0:00:07]} 33. f3 {[%emt 0:00:07]} Ra1+ {[%emt 0:02:22]} 34. Nb1 {[%emt 0:00:27]} h3 {[%emt 0:02:04]} 35. gxh3 {[%emt 0:03:09]} Qe6 {[%emt 0:00:33]} 36. Qg2 {[%emt 0:04:32]} Qf5 {[%emt 0:02:36]} 37. Qb2 {[%emt 0:00:09]} Ra8 {[%emt 0:00:09]} 38. Nd2 {[%emt 0:04:34]} Kg7 {[%emt 0:00:48]} 39. Qb1 {[%emt 0:00:29]} Qxh3 {[%emt 0:01:41]} 40. Qf1 {[%emt 0:00:00]} Qf5 {[%emt 0:00:00]} 41. Rc3 {[%emt 0:05:38]} Ra2 {[%emt 0:03:13]} 42. Qd3 {[%emt 0:11:00]} Qg5+ {[%emt 0:07:09]} 43. Kf2 {[%emt 0:00:09]} Qh4+ {[%emt 0:00:36]} 44. Kg1 {[%emt 0:03:59]} Qe1+ {[%emt 0:00:27]} 0-1

[Event "35th European Club Cup 2019"]
[Site "Ulcinj"]
[Date "2019.11.11"]
[Round "2.33"]
[White "Rakhmanov, Aleksandr"]
[Black "Verstraeten, Rein"]
[Result "1-0"]
[WhiteElo "2638"]
[BlackElo "2379"]
[Annotator "TA"]
[PlyCount "65"]
[EventDate "2019.11.10"]
[EventType "team-tourn"]
[EventCountry "MNE"]
[SourceTitle "playchess.com"]
[Source "ChessBase"]
[SourceQuality "1"]
[WhiteTeam "Law & Order"]
[BlackTeam "HWP Sas van Gent"]

{[%evp 19,65,0,0,-5,14,0,0,-14,0,-21,0,-21,0,0,0,6,6,3,0,11,113,67,100,114,303,282,517,507,532,553,551,549,541,541,533,531,740,740,1080,1064,1143,1143,1143,1111,1060,1055,29975,29979]} 1. d4 Nf6 2. Nf3 e6 3. e3 c5 4. Bd3 b6 5. O-O Bb7 6. c4 cxd4 7. exd4 Be7 8. Nbd2 O-O 9. b3 d5 10. Bb2 Nc6 11. a3 {E14: Queen's Indian: Classical Variation (4 e3)} (11. Rc1 Rc8 12. a3 a5 13. Re1 Re8 14. Nf1 Bf8 15. Ne3 g6 16. Qe2 Bg7 17. Red1 Rc7 18. Rc2 Ne7 19. c5 bxc5 20. dxc5 {0-1 (56) Bogner,S (2584)-Leko,P (2674) Biel 2019}) 11... Rc8 12. Qe2 dxc4 13. bxc4 {The position is equal.} Re8 $146 ({Predecessor:} 13... Qc7 14. Ne5 Nxe5 15. dxe5 Nd7 16. Rad1 Nc5 17. Bb1 Rcd8 18. f4 g6 19. Kh1 Rd7 20. Nf3 {0-1 (54) De Francesco,K (2238)-Neunhoeffer,H (2300) Germany 2005}) 14. Qe3 g6 15. Rad1 Qc7 16. Rfe1 Ng4 17. Qe2 $1 $36 {[%mdl 2048] White has good play.} Na5 18. h3 Nf6 19. Ne5 Nd7 (19... Bd6 $11 {keeps the balance.}) 20. Ng4 $16 Bf8 {[#]} 21. d5 $1 {[%mdl 512]} f5 $2 (21... exd5 $16 22. Qxe8 Rxe8 23. Rxe8 d4) 22. dxe6 $18 {aiming for Bxf5.} fxg4 $2 (22... Qc6 23. Be4 Qxe6 {[%mdl 64] Pin}) 23. Qxg4 Nc5 {[#]} 24. Bxg6 $1 {[%mdl 512]} hxg6 25. Qxg6+ Bg7 {Threatens to win with ...Re7.} 26. Nf3 $1 {[%cal Rf3g5] Threatening mate with Ng5.} Rxe6 27. Rxe6 Bxf3 {[#]} 28. Rde1 $1 {White threatens Re8+ and mate.} ({Less strong is} 28. gxf3 Qf7 $16) 28... Nxe6 29. Qxe6+ Kh8 30. Qh6+ $1 Kg8 {[#]} 31. Bxg7 $1 Qxg7 32. Qe6+ {[%mdl 64] Double Attack} Kh7 33. Qf5+ {[%mdl 64] Double Attack. Accuracy: White = 69%, Black = 27%.} 1-0

[Event "35th European Club Cup 2019"]
[Site "Ulcinj"]
[Date "2019.11.11"]
[Round "2.34"]
[White "Maenhout, Thibaut"]
[Black "Kokarev, Dmitry"]
[Result "1/2-1/2"]
[WhiteElo "2372"]
[BlackElo "2601"]
[Annotator "TA"]
[PlyCount "62"]
[EventDate "2019.11.10"]
[EventType "team-tourn"]
[EventCountry "MNE"]
[SourceTitle "playchess.com"]
[Source "ChessBase"]
[SourceQuality "1"]
[WhiteTeam "HWP Sas van Gent"]
[BlackTeam "Law & Order"]

{[%evp 11,62,18,20,0,10,9,15,18,14,0,5,7,10,12,31,29,42,46,8,8,33,8,36,36,36,36,45,40,68,0,46,41,51,23,36,36,55,33,50,31,36,20,23,18,23,4,19,0,0,0,0,0,22]} 1. e4 c5 2. Nf3 d6 3. Bb5+ Bd7 4. Bxd7+ Qxd7 5. O-O Nf6 6. Qe2 Nc6 7. Rd1 {B52: Sicilian: Moscow Variation with 3...Bd7} Rc8 8. c3 e6 9. d4 cxd4 10. Bg5 Be7 11. cxd4 O-O (11... h6 12. Bxf6 Bxf6 13. e5 Be7 14. exd6 Qxd6 {½-½ (22) Mamedov,R (2650)-Kovalev,V (2661) Poikovsky 2019}) 12. Nc3 d5 13. Ne5 Qd8 14. Bxf6 Bxf6 15. exd5 exd5 16. f4 $146 Bxe5 (16... a6 {looks sharper.} 17. Rd2 Qd6 18. Qf3 Rfd8 19. Re1 g6) 17. dxe5 d4 18. Ne4 Qd5 19. Rd3 Kh8 20. a3 ({Better is} 20. Rh3 $14 h6 21. a3) 20... f6 21. exf6 $1 gxf6 22. Qf3 a5 23. Rad1 a4 24. Nd2 Rcd8 25. b3 axb3 26. Nxb3 Qxf3 27. Rxf3 Rd5 28. Nc1 Rb5 {The position is equal.} 29. Rb3 Rxb3 30. Nxb3 Ra8 31. Kf2 ({Don't blunder} 31. Nxd4 $2 Rd8 $19) 31... Rxa3 {Accuracy: White = 38%, Black = 46%.} 1/2-1/2

[Event "35th European Club Cup 2019"]
[Site "Ulcinj"]
[Date "2019.11.11"]
[Round "2.35"]
[White "Rozum, Ivan"]
[Black "De Schampheleire, Glen"]
[Result "1/2-1/2"]
[WhiteElo "2593"]
[BlackElo "2359"]
[Annotator "TA"]
[PlyCount "85"]
[EventDate "2019.11.10"]
[EventType "team-tourn"]
[EventCountry "MNE"]
[SourceTitle "playchess.com"]
[Source "ChessBase"]
[SourceQuality "1"]
[WhiteTeam "Law & Order"]
[BlackTeam "HWP Sas van Gent"]

{[%evp 13,85,-9,0,-14,0,-14,-1,-2,7,3,12,0,2,0,49,39,50,0,2,0,62,0,15,-24,-18,-67,-60,-59,-56,-207,-193,-205,-217,-179,-148,-209,-213,-227,-228,-261,-250,-401,-397,-492,-480,-468,-474,-390,-247,-347,-357,-373,-187,-186,-147,-201,-196,-231,-225,-216,-72,-74,42,56,47,-203,-182,-187,0,0,0,0,0,0]} 1. Nf3 d5 2. g3 g6 3. Bg2 Bg7 4. d4 Nf6 5. O-O O-O 6. c3 Nbd7 7. Bf4 c6 8. Na3 {D02: 1 d4 d5 2 Nf3 sidelines, including 2...Nf6 3 g3 and 2...Nf6 3 Bf4} (8. Qc1 Re8 9. c4 dxc4 10. Qxc4 Nb6 11. Qc1 Bg4 12. Rd1 Qc8 13. Nc3 Nfd5 14. Bh6 Nxc3 15. bxc3 Nc4 {½-½ (34) Malakhov,V (2686)-Vitiugov,N (2722) St Petersburg 2017}) 8... Nb6 $146 ({Predecessor:} 8... Re8 9. Qc1 Ne4 10. Nc2 f6 11. Nd2 e5 12. Bxe4 exf4 13. Bf3 Bh6 14. Re1 Nf8 15. e4 fxe3 16. Nxe3 f5 17. Ng2 {0-1 (32) Garcia Lechugo,F (1688)-Brown,T (2027) Gibraltar 2009}) 9. Rc1 Be6 10. Ne5 Qc8 11. Re1 Bh3 12. Bh1 Nh5 13. Bd2 f6 14. Nd3 e5 15. dxe5 fxe5 16. e4 Qe6 (16... dxe4 $11 17. Nc5 Nf6) 17. Qb3 (17. exd5 $1 $14 cxd5 18. Nxe5) 17... Rad8 18. exd5 cxd5 {White should prevent ...e4.} 19. Be3 e4 20. Nb4 Nf6 $36 {[%mdl 2048] Black has the initiative.} 21. Bd4 $2 (21. Rcd1 $1 $15) 21... Qf7 $1 $19 {...Ng4 is the strong threat.} 22. Qd1 Ng4 {[%cal Rg4f2]} 23. Re2 Ne5 {Strongly threatening ...Nf3+.} 24. Bxe5 (24. f4 $17 exf3 25. Rf2) 24... Bxe5 25. Qe1 Na4 26. Rd2 a5 27. Nd3 $2 (27. Nxd5 Rxd5 28. Bxe4 Rxd2 {[%mdl 64] Discovered Attack} 29. Qxd2) 27... Bd6 28. Nf4 Bxf4 29. gxf4 Qxf4 {( -> ...Qg5+)} 30. Qe3 {[#]} Nc5 $1 {[%mdl 512]} 31. Re1 (31. Bg2 $142 Bxg2 32. Qxf4 Rxf4 33. Kxg2) (31. Qxc5 Qg5+) 31... Qf5 32. Qg3 Qh5 (32... Nd3 $142 33. Re3 Nf4) 33. Re3 Be6 34. Nb5 (34. Nc2 $17 {was called for.}) 34... Rf5 $1 {[%cal Rf5g5] Threatens to win with ...Rg5.} 35. Qc7 Rc8 36. Qd6 {[#]} Qg5+ ({Not} 36... Bd7 37. Na7 $11) (36... d4 $1 $19 {[%cal Rd4e3][%mdl 512] and Black stays clearly on top.} 37. Nxd4 {[%mdl 64] Double Attack} Rd5) 37. Bg2 $17 Rxf2 (37... Bf7 $17 38. Nd4 Rf6) 38. Rxf2 $14 Qxe3 39. b4 $2 (39. Nc7 $1 $14 {keeps the upper hand.}) 39... axb4 $19 40. cxb4 Nd3 $2 (40... Qe1+ $19 41. Rf1 Qxb4) 41. Qxe6+ $11 {[%mdl 64] [#] Double Attack. The position is equal.} Kg7 $1 {[%mdl 512]} 42. Qf6+ Kh6 43. Qh4+ {Accuracy: White = 34%, Black = 40%.} 1/2-1/2